000 00364pab a2200133 454500
008 180718b xxu||||| |||| 00| 0 eng d
100 _aKasturi S.
245 _aNew economic policy
362 _a15 Apr 1994, p.8;16 Apr 1994, p.8
650 _a India -- Economic Policy
650 _aEconomic Development -- India
773 _aHindu (Business Line)
909 _a26683
999 _c26683
_d26683